000 02303cam a22002174a 4500
005 20250605164221.0
008 250528s ||||||||||||||||||||||||d
035 _a20669
020 _a471395307
040 _aGR-AtMCL
_bgre
_dGR-AtMCL
_eAACR2
245 1 _aMultinational Financial Management / Seventh Edition
250 _a7th
260 _bJohn Wiley And Sons, Inc,
_c2003
300 _a754
505 0 _aPreface, Environment of International Financial Management, The Determination of Exchange Rates, The International Monetary System, The Balance of Payments and International Economic Linkages, Country Risk Analysis, Foreign Exchange and Derivatives Markets, The Foreign Exchange Market, Current Futures and Options Markets, Swaps and Interest Rate Derivatives, Foreign Exchange Risk Management, Measuring and Managing Economic Exposure, Financing the Multinational Corporation, International Financing and National Capital Markets, The Euromarkets, The Cost of Capital for Foreign Investments, Foreign Investment Analysis, International Portfolio Investment, Capital Budgeting for the Multinational Corporation, Multinational Working Capital Management, Financing Foreign Trade, Managing the Multinational Financing System, Glossary of Key Words and Terms in International Finance, Index.
520 _aPreface, Environment of International Financial Management, The Determination of Exchange Rates, The International Monetary System, The Balance of Payments and International Economic Linkages, Country Risk Analysis, Foreign Exchange and Derivatives Markets, The Foreign Exchange Market, Current Futures and Options Markets, Swaps and Interest Rate Derivatives, Foreign Exchange Risk Management, Measuring and Managing Economic Exposure, Financing the Multinational Corporation, International Financing and National Capital Markets, The Euromarkets, The Cost of Capital for Foreign Investments, Foreign Investment Analysis, International Portfolio Investment, Capital Budgeting for the Multinational Corporation, Multinational Working Capital Management, Financing Foreign Trade, Managing the Multinational Financing System, Glossary of Key Words and Terms in International Finance, Index.
700 1 _aShapiro Alan C
_91225
942 _cBK
999 _c5755
_d5755